000
00269nam a2200097Ia 4500
001
1000541
005
20250826230353.0
008
250824s9999 xx 000 0 und d
245
0
_a
AYIN KARANLIK YÜZÜ İRUS UYGARLIĞI
_c
NECATİ AKBABA
260
_b
GENÇ DAMLA YAYINLARI
999
_c
1000541
_d
1000541